00286nam a2200121Ia 4500008004100000082001800041100002100059245001700080250000800097260003200105300001000137650001700147150201s2009 xx 000 0 und d a612.015bB09S aSATAYANARANA, U. aBIOCHEMISTRY a3RD bKALKATA BOOKaKALKATAc2009 a1-792 aBIOCHEMISTRY